000 00347pab a2200145 454500
008 180718b1986 xxu||||| |||| 00| 0 eng d
100 _aGhosh, G.K.
245 _aWeapon against two enemies - poverty and unemployment
260 _c1986
300 _a151-7
362 _aDec.
650 _aPoverty
773 _aKhadi Gramodyog
909 _a15716
999 _c15716
_d15716